000 01106nam a22003617a 4500
001 06121
003 DO-SdBNP
005 20180220152017.0
007 06121
008 151005b1993 sp 00| 0 spa d
020 _a8434827506
040 _aBPMSU
_bspa
_cBPMSU
082 _a849.93
_bT266re 1993
092 _a
_b
100 1 _aTeixidor, Emili
240 1 0 _aEn Ranquet i els seus amics /
_f
_l Español
245 1 0 _aRenco y sus amigos /
_cEmili Teixidor ; ilustraciones Tino Gatagán ; colección dirigida por Marinella Terzi
250 _a3a. ed.
260 _aMadrid :
_bEdiciones SM,
_c1993
300 _a186 p. :
_bil. ;
_c19 cm.
490 1 _aEl barco de vapor
_a Serie roja
_v52
500 _aA partir de 12 años
521 1 _aA partir de los 12 años
650 _aCUENTOS JUVENILES CATALANES
650 _aAMISTAD
_vCUENTOS
700 1 2 _aTerzi, Marinella
_edir.
_3
700 1 2 _aGatagán, Tino
_eil.
_d1951-2005
830 0 _aBarco de vapor ;
_n52
_pSerio roja,
910 _a
942 _2ddc
_cBK
945 _aInventariado, 2018 / BT
956 _aVMATEO
_210
_3201604
_6BPMSU
_80069
999 _c9668
_d9668